Inteligentné smerovanie v sieťach orientovaných na obsah a poskytované služby

Enregistré dans:
Détails bibliographiques
Auteur principal: Michalský, Matej (Auteur)
Autres auteurs: Róka, Rastislav (Directeur de thèse)
Format: Manuscrit Livre
Langue:slovaque
Publié: 2015
Sujets:
Accès en ligne:http://is.stuba.sk/zp/portal_zp.pl?podrobnosti=111858
Tags: Ajouter un tag
Pas de tags, Soyez le premier à ajouter un tag!

MARC

LEADER 00000ntm a22000003a 4500
001 stuzp48724
003 SK-STU
005 20160719153219.2
007 ta
008 150427s2015----xo-----f-mn---000-0-slo-d
040 |a STU  |b slo 
041 0 |a slo 
100 1 |a Michalský, Matej  |u 037000  |4 aut  |U FEI Fakulta elektrotechniky a informatiky  |T FEI Ústav telekomunikácií  |X 6270  |U E070  |Y 818  |7 A000006270 
242 0 1 |a Intelligent routing of content in content-oriented networks and services  |y eng 
245 1 0 |a Inteligentné smerovanie v sieťach orientovaných na obsah a poskytované služby 
260 |c 2015 
300 |a 69 s.  |b CD-ROM 
650 4 |a CAN  |2 slo 
650 4 |a CDN  |2 slo 
650 4 |a Cloud  |2 slo 
650 4 |a Analýza  |2 slo 
650 4 |a Model sieti  |2 slo 
650 4 |a Virtualizácia  |2 slo 
650 4 |a CDN  |2 eng 
650 4 |a analysis  |2 eng 
650 4 |a virtualization  |2 eng 
650 4 |a network model  |2 eng 
650 4 |a CAN  |2 eng 
650 4 |a Cloud  |2 eng 
700 1 |a Róka, Rastislav  |4 ths  |X 1946  |7 A000001946 
856 4 |u http://is.stuba.sk/zp/portal_zp.pl?podrobnosti=111858 
996 |b 284EP11271  |c E*DIPL- 11271  |l EE37  |s P  |a 0  |w stuzp48724_0001 
SQL |a stuzp48724  |b DDP  |c SLO  |d Inteligentné smerovanie v sieťach orientovaných na obsah a poskytované služby  |e 6270  |f Michalský, Matej  |g 037000  |h 1946  |i Róka, Rastislav  |j 20150616  |k 86  |l 03  |m http://is.stuba.sk/zp/portal_zp.pl?podrobnosti=111858  |n I-TLK  |o 5.2.15. telekomunikácie